UEFA Euro 2012 Host Cities and Stadiums - Statistics

General Stats
  • This quiz has been taken 61 times
  • The average score is 11 of 16
Answer Stats
Picture Hint Answer % Correct
Ukraine Kyiv
100%
Poland Warszawa
100%
Ukraine Donetsk
90%
Poland Gdańsk
90%
Ukraine Lviv
90%
Ukraine Kharkiv
85%
Poland Wrocław
82%
Poland Poznań
79%
5 games | Capacity: 58.580 Stadion Narodowy
56%
5 games | Capacity: 52.187 Donbas Arena
54%
5 games | Capacity: 70.050 NSK Olimpiyskiy
46%
4 games | Capacity: 43.615 Arena Gdańsk
44%
3 games | Capacity: 34.915 Arena Lviv
41%
3 games | Capacity: 43.269 Stadion Miejski
36%
3 games | Capacity: 45.105 Stadion Wrocław
31%
3 games | Capacity: 40.003 Stadion Metalist
28%
No matching quizzes found
Score Distribution
Percent of People with Each Score
Percentile by Number Answered
Your Score History
You have not taken this quiz